|
|
|
|
| LEADER |
01117nam a2200289 i 4500 |
| 001 |
41815 |
| 003 |
BD-DhAAL |
| 005 |
20231001093045.0 |
| 008 |
231001t1977 maua b 001 0 eng |
| 010 |
|
|
|a 76025464
|
| 020 |
|
|
|a 0205055834 :
|c $7.50
|
| 040 |
|
|
|a DLC
|c DLC
|d DLC
|d BD-DhAAL
|
| 050 |
0 |
0 |
|a LB1051
|b .H228 1977
|
| 082 |
0 |
0 |
|a 370.1508
|
| 100 |
1 |
|
|a Hamachek, Don E.,
|9 55615
|
| 245 |
1 |
0 |
|a Human dynamics in psychology and education :
|b selected readings /
|c [compiled by] Don E. Hamachek.
|
| 250 |
|
|
|a Third edition
|
| 260 |
|
|
|a Boston :
|b Allyn and Bacon,
|c c1977.
|
| 300 |
|
|
|a x, 344 pages :
|b illustrations ;
|c 24 cm.
|
| 504 |
|
|
|a Includes bibliographies and index.
|
| 526 |
|
|
|a BIED
|
| 541 |
|
|
|a Complimentary copy from BIED
|e 41815
|
| 650 |
|
0 |
|a Educational psychology.
|
| 852 |
|
|
|a Ayesha Abed Library
|c BIED Collection
|
| 942 |
|
|
|2 ddc
|c BK
|
| 999 |
|
|
|c 46184
|d 46184
|
| 952 |
|
|
|0 0
|1 0
|2 ddc
|4 0
|6 370_150800000000000_HAM
|7 0
|9 74477
|a BRACUL
|b BRACUL
|c GEN
|d 2023-10-01
|e Complimentary copy from BIED
|l 1
|m 6
|o 370.1508 HAM
|p 3010041815
|r 2024-09-01
|s 2024-05-30
|t 1
|w 2023-10-01
|y BK
|x Transferred from BIED to General Stacks
|